| 000 | 01102nam a22003017a 4500 | ||
|---|---|---|---|
| 999 |
_c29401 _d29372 |
||
| 003 | EG-ScBUE | ||
| 005 | 20210830095049.0 | ||
| 008 | 200219s2008 ua o f b 000 0 eng d | ||
| 020 | _a9771964632 | ||
| 040 |
_aEG-ScBUE _beng _erda _cEG-ScBUE _dEG-ScBUE |
||
| 043 | _af-ua--- | ||
| 082 | 0 | 4 |
_a338.47910962 _bZAH _222 |
| 100 | 1 |
_aZahran, M. A., _eauthor. |
|
| 245 | 1 | 0 |
_aEcotourism in Egypt : _billustrated handbook / _cby Dr. M. A. Zahran, Faculty of Science, Mansoura University, Mansoura, Egypt, in association with Dr. M. T. Khalil, Faculty of Science, Ain Shams University, Cairo, Egypt. |
| 264 | 1 |
_aCairo : _bDar Walid Modern Printing, _c2008. |
|
| 300 |
_aiii, 184 pages : _bphotographs ; _c24 cm |
||
| 336 |
_2rdacontent _atext _btxt |
||
| 337 |
_2rdamedia _aunmediated _bn |
||
| 338 |
_2rdacarrier _avolume _bnc |
||
| 504 | _aIncludes bibliographical references. | ||
| 650 | 7 |
_aTourism _zEgypt. _2BUEsh |
|
| 650 | 7 |
_aEcotourism _zEgypt. _2BUEsh |
|
| 653 |
_bGGEN _cAugust2021 |
||
| 655 |
_vReading book _934232 |
||
| 700 | 1 |
_aKhalil, M. T., _eauthor. |
|
| 942 |
_2ddc _cBB |
||